WWE World Champions 2016 - Statistics

General Stats
  • This quiz has been taken 268 times
  • The average score is 6 of 6
Answer Stats
Title Reign WWE World (Heavyweight) Champions % Correct
December 14th 2015 - January 24th 2016 Roman Reigns
98%
April 3rd 2016 - June 19th 2016 Roman Reigns
98%
June 19th 2016 Seth Rollins
98%
June 19th 2016 - September 11th 2016 Dean Ambrose
97%
September 11th 2016 - January 29th, 2017 AJ Styles
91%
January 24th 2016 - April 3rd 2016 Triple H
91%
No matching quizzes found
Score Distribution
Percent of People with Each Score
Percentile by Number Answered
Your Score History
You have not taken this quiz